International Relations/ (Record no. 207591)

MARC details
000 -LEADER
fixed length control field 00786nam a22002177a 4500
005 - DATE AND TIME OF LATEST TRANSACTION
control field 20250304150207.0
010 ## - LCCN (DPL NO)
LC control number DEC24SC ENG-142981 ENG-143954
020 ## - INTERNATIONAL STANDARD BOOK NUMBER
International Standard Book Number 9789355018724
Terms of availability 425.00
035 ## - SYSTEM CONTROL NUMBER
System control number EN-126513
035 ## - SYSTEM CONTROL NUMBER
System control number EN-127486
037 ## - SOURCE OF ACQUISITION
Source of stock number/acquisition DBAD
082 ## - DEWEY DECIMAL CLASSIFICATION NUMBER
Classification number 000
Edition number 1
100 ## - MAIN ENTRY--PERSONAL NAME
Personal name Malhotra, Raj
245 ## - TITLE STATEMENT
Title International Relations/
Statement of responsibility, etc By Raj Malhotra [and] Chitralekha Katoch
260 ## - PUBLICATION, DISTRIBUTION, ETC. (IMPRINT)
Place of publication, distribution, etc New Delhi
Name of publisher, distributor, etc S Chand and Company Limited
Date of publication, distribution, etc 2024
270 ## - ADDRESS
Address A-27, 2nd Floor, Mohan Co-operative Industrial Estate
City New Delhi
Postal code 110044
Electronic mail address info@schandpublishing.com
Telephone number 011-49731800
300 ## - PHYSICAL DESCRIPTION
Extent 250p.
Dimensions 26cm(pb)
500 ## - GENERAL NOTE
General note for UPSC Civil Services & State PSC Examinations
700 ## - ADDED ENTRY--PERSONAL NAME
Personal name Katoch, Chitralekha
Relator term Author
9 (RLIN) 74993
942 ## - ADDED ENTRY ELEMENTS (KOHA)
Source of classification or shelving scheme Dewey Decimal Classification
Item type English Books
Classification part 000
Call number suffix MAL
Edition 1
Holdings
Withdrawn status Lost status Not for loan Collection code Home library Current library Date acquired Source of acquisition Cost, normal purchase price Full call number Barcode Copy number Cost, replacement price Koha item type
      Non-fiction Ashok Vihar Ashok Vihar 04/03/2025 Delivery of Books Act Division 425.00 000 MAL EN-127486 1 425.00 English Books
      Non-fiction Central Library Central Library 11/12/2024 Delivery of Books Division 425.00 000 MAL EN-126513 1 425.00 English Books

© Delhi Public Library
Hit Counter
free hit counter